• 首页
  • 本馆介绍
  • 公告通知
  • 最新文献
  • 馆藏检索
  • 电子资源
  • 读者导购
  • 参考咨询
  • 我的图书馆
  • 登录
  • 详细信息显示
  • 放入我的书架
  • 预约/预借图书
  • 作者相关作品
  • 分类相关作品
  • 丛书相关作品
  • 出版社相关作品

书目信息

  • 表格格式
  • 工作单格式
  • 卡片格式
题名:
现代传媒视野中的中国现代文学
    
 
作者: 周海波 著
分册:  
出版信息: 北京   中华书局  2008
页数: 446页
开本: 24cm
丛书名:
单 册:
中图分类: G206.2 , I06
科图分类:
主题词: 传播媒介--关系--文学研究 , 传播媒介 , 文学研究
电子资源:
ISBN: 978-7-101-05991-5
000 00932nam0 2200265 450
001 1162370392
005 20111005171958.95
010    @a978-7-101-05991-5@dCNY48.00
100    @a20080715d2008 em y0chiy50 ea
101 0  @achi
102    @aCN@b110000
105    @aa z 000yy
200 1  @a现代传媒视野中的中国现代文学@Axian dai chuan mei shi ye zhong de zhong guo xian dai wen xue@f周海波著
210    @a北京@c中华书局@d2008
215    @a446页@c图@d24cm
300    @a国家社会科学基金项目 青岛大学学术著作出版基金资助项目
330    @a本书共分8章。主要包括现代传媒及现代文学研究问题意识、现代传媒与文学流变、现代传媒与知识分子群体、现代传媒与小说文体及现代散文作为报刊文体等内容。
606 0  @a传播媒介@x关系@x文学研究
606 0  @a传播媒介
606 0  @a文学研究
690    @aG206.2@v4
690    @aI06@v4
701  0 @a周海波@Azhou hai bo@f(1958~)@4著
801  0 @aCN@bNLC@c20101222
905    @a10447@dG206.2@eJY148
    
    现代传媒视野中的中国现代文学/周海波著.-北京:中华书局,2008
    446页:图;24cm
    国家社会科学基金项目 青岛大学学术著作出版基金资助项目
    
    ISBN 978-7-101-05991-5:CNY48.00
    本书共分8章。主要包括现代传媒及现代文学研究问题意识、现代传媒与文学流变、现代传媒与知识分子群体、现代传媒与小说文体及现代散文作为报刊文体等内容。
●
相关链接 在E读中查询图书 在五车中查询图书 在当当中查询图书 在豆瓣中查询图书


正题名:现代传媒视野中的中国现代文学     索取号:G206.2/JY148         预约/预借

序号 登录号 条形码 馆藏地/架位号 状态 备注
1 7814879   278148791   学院路分馆/ [索取号:G206.2/JY148] 在馆    
2 7814880   278148808   学院路分馆/ [索取号:G206.2/JY148] 在馆    
唐山师范学院图书馆 欢迎您!
大连网信软件有限公司© 版权所有